ΓΕΩ-τέχνες : ποίηση, ζωγραφική, γλυπτική, αγιογραφία, φωτογραφία, πεζογραφία
Αποθηκεύτηκε σε:
| Συγγραφή απο Οργανισμό/Αρχή: | |
|---|---|
| Άλλοι συγγραφείς: | |
| Μορφή: | Βιβλίο |
| Γλώσσα: | Greek |
| Δημοσίευση: |
[Θεσσαλονίκη] :
Γεωτεχνικό Επιμελητήριο Ελλάδας,
[20--]
|
| Θέματα: | |
| Ετικέτες: |
Προσθήκη ετικέτας
Δεν υπάρχουν, Καταχωρήστε ετικέτα πρώτοι!
|
MARC
| LEADER | 00000cam a2200000 i 4500 | ||
|---|---|---|---|
| 001 | 1/12652 | ||
| 008 | 110329s gre d | ||
| 020 | |a 978-960-87107-9-5 (pbk) | ||
| 035 | |l 10109865 | ||
| 040 | |a GR-MY-UA |b gre |e aacr | ||
| 041 | 0 | |a gre | |
| 082 | 0 | |a 700 |2 (22) | |
| 110 | 2 | |a Γεωτεχνικό Επιμελητήριο Ελλάδας. | |
| 245 | 1 | 0 | |a ΓΕΩ-τέχνες : |b ποίηση, ζωγραφική, γλυπτική, αγιογραφία, φωτογραφία, πεζογραφία / |c συντονισμός επιμέλειας: Θεόδωρος Κόλλιας |
| 260 | |a [Θεσσαλονίκη] : |b Γεωτεχνικό Επιμελητήριο Ελλάδας, |c [20--] | ||
| 300 | |a 238 σ.; |b εικ., φωτ.; |c 24 εκ. | ||
| 650 | 0 | 0 | |a Arts. |
| 650 | 0 | 0 | |a Painting. |
| 650 | 0 | 0 | |a Sculpture. |
| 650 | 0 | 0 | |a Greek poetry. |
| 650 | 0 | 0 | |a Greek prose literature. |
| 700 | 1 | |a Κόλλιας, Θεόδωρος. |4 edt | |
| 852 | |a INST |b LEMNOS |e 20110329 |h 700 ΓΕΩ |p 005600000510 |q 005600000510 |t BK |y 0 | ||
| 901 | |a BIBL6-2011-1 | ||
| 970 | |a ΠΑΝΤΑΖΗ |b ΑΝΤΩΝΙΑ |z 2011/03/29 | ||